<?xml version="1.0" encoding="UTF-8"?>
<marc:record xmlns:marc="http://www.loc.gov/MARC21/slim">
   <marc:leader>00000nam a2200000 a 4500</marc:leader>
   <marc:datafield ind1="1" ind2=" " tag="100">
      <marc:subfield code="a">Grace, Hannah</marc:subfield>
      <marc:subfield code="4">aut</marc:subfield>
      <marc:subfield code="e">Verfasser/-in</marc:subfield>
   </marc:datafield>
   <marc:datafield ind1="1" ind2=" " tag="100">
      <marc:subfield code="a">Betzenbichler, Richard</marc:subfield>
   </marc:datafield>
   <marc:datafield ind1="0" ind2="0" tag="245">
      <marc:subfield code="a">Wildfire</marc:subfield>
   </marc:datafield>
   <marc:datafield ind1="0" ind2="0" tag="245">
      <marc:subfield code="b">Roman</marc:subfield>
   </marc:datafield>
   <marc:datafield ind1="0" ind2="0" tag="245">
      <marc:subfield code="c">Hannah Grace ; ins Deutsche übertragen von Richard Betzenbichler</marc:subfield>
   </marc:datafield>
   <marc:datafield ind1=" " ind2="1" tag="264">
      <marc:subfield code="a">Köln</marc:subfield>
      <marc:subfield code="b">LYX</marc:subfield>
      <marc:subfield code="c">2024</marc:subfield>
   </marc:datafield>
   <marc:datafield ind1="1" ind2=" " tag="490">
      <marc:subfield code="a">Maple Hills</marc:subfield>
      <marc:subfield code="v">2</marc:subfield>
   </marc:datafield>
   <marc:datafield ind1="1" ind2=" " tag="520">
      <marc:subfield code="a">Russ Callaghan und Aurora Roberts möchten weg aus Maple Hills und ihre Probleme hinter sich lassen - doch das ist leichter gesagt als getan, als sie sich plötzlich am ersten Tag des Sommercamps gegenüberstehen und sich wieder mit dem konfrontiert sehen, was sie mithilfe ihrer neuen Jobs als Campbetreuerinnen zu vergessen versuchen. Denn Russ und Aurora haben eine gemeinsame Vergangenheit: Ein leidenschaftlicher One-Night-Stand, den keiner der beiden so richtig vergessen mag. Doch im Sommercamp sind Beziehungen zwischen Betreuerinnen strengstens verboten. Es gilt also das Feuer zu löschen, dass seit jener Nacht unaufhörlich zwischen Russ und Aurora brennt ...</marc:subfield>
   </marc:datafield>
   <marc:datafield ind1=" " ind2=" " tag="020">
      <marc:subfield code="a">9783736320857</marc:subfield>
      <marc:subfield code="9">9783736320857</marc:subfield>
   </marc:datafield>
   <marc:datafield ind1=" " ind2=" " tag="020">
      <marc:subfield code="a">373632085X</marc:subfield>
      <marc:subfield code="9">373632085X</marc:subfield>
   </marc:datafield>
   <marc:datafield ind1="3" ind2=" " tag="024">
      <marc:subfield code="a">9783736320857</marc:subfield>
   </marc:datafield>
   <marc:datafield ind1=" " ind2=" " tag="041">
      <marc:subfield code="a">eng</marc:subfield>
   </marc:datafield>
   <marc:datafield ind1=" " ind2=" " tag="300">
      <marc:subfield code="a">472 Seiten</marc:subfield>
   </marc:datafield>
</marc:record>
